[Event "DEM U12w 2024"]
[Site "Willingen GER"]
[Date "2024.05.25"]
[Round "9"]
[White "Jordan, Christina"]
[Black "Bohatyrova, Mariia"]
[Result "1-0"]
[Termination "normal"]
[Board "1"]
[WhiteElo "1802"]
[BlackElo "1588"]
[WhiteClock "00:14:23"]
[BlackClock "00:00:57"]
[PlyCount "105"]
[WhiteFideId "1347977"]
[BlackFideId "34165789"]
[EventCountry "GER"]
[EventRounds "9"]
[EventType "swiss"]
[EventDate "2024.05.18"]

1. e4 {[%clk 01:30:57]} {[%emt 00:00:03]} c5 {[%clk 01:30:57]} {[%emt
00:00:04]} 2. Nf3 {[%clk 01:31:20]} {[%emt 00:00:07]} d6 {[%clk 01:31:21]}
{[%emt 00:00:05]} 3. d4 {[%clk 01:31:40]} {[%emt 00:00:10]} cxd4 {[%clk
01:31:47]} {[%emt 00:00:04]} 4. Nxd4 {[%clk 01:32:06]} {[%emt 00:00:04]} Nf6
{[%clk 01:32:10]} {[%emt 00:00:07]} 5. Nc3 {[%clk 01:32:31]} {[%emt 00:00:05]}
g6 {[%clk 01:32:35]} {[%emt 00:00:05]} 6. Be3 {[%clk 01:32:51]} {[%emt
00:00:10]} Bg7 {[%clk 01:32:59]} {[%emt 00:00:06]} 7. f3 {[%clk 01:33:11]}
{[%emt 00:00:10]} a6 {[%clk 01:33:16]} {[%emt 00:00:13]} 8. Qd2 {[%clk
01:32:16]} {[%emt 00:01:25]} h5 {[%clk 01:33:38]} {[%emt 00:00:08]} 9. O-O-O
{[%clk 01:28:08]} {[%emt 00:04:38]} Nbd7 {[%clk 01:33:35]} {[%emt 00:00:32]}
10. h3 {[%clk 01:25:12]} {[%emt 00:03:26]} b5 {[%clk 01:22:14]} {[%emt
00:11:52]} 11. Be2 {[%clk 01:11:30]} {[%emt 00:14:13]} Bb7 {[%clk 00:52:42]}
{[%emt 00:30:02]} 12. a3 {[%clk 01:04:03]} {[%emt 00:07:57]} Rc8 {[%clk
00:49:14]} {[%emt 00:03:57]} 13. g4 {[%clk 01:00:52]} {[%emt 00:03:41]} Nb6
{[%clk 00:43:27]} {[%emt 00:06:15]} 14. g5 {[%clk 00:44:50]} {[%emt 00:16:34]}
Nfd7 {[%clk 00:43:23]} {[%emt 00:00:32]} 15. f4 {[%clk 00:42:52]} {[%emt
00:02:29]} Nc5 {[%clk 00:35:31]} {[%emt 00:08:22]} 16. Bd3 {[%clk 00:37:17]}
{[%emt 00:06:05]} Nba4 {[%clk 00:27:09]} {[%emt 00:08:50]} 17. Nxa4 {[%clk
00:25:46]} {[%emt 00:12:03]} bxa4 {[%clk 00:27:12]} {[%emt 00:00:28]} 18. Kb1
{[%clk 00:12:52]} {[%emt 00:13:24]} Nxe4 {[%clk 00:26:07]} {[%emt 00:01:34]}
19. Qb4 {[%clk 00:09:13]} {[%emt 00:04:10]} Nc5 {[%clk 00:22:23]} {[%emt
00:04:13]} 20. Rhe1 {[%clk 00:06:50]} {[%emt 00:02:52]} O-O {[%clk 00:20:04]}
{[%emt 00:02:50]} 21. f5 {[%clk 00:05:19]} {[%emt 00:02:01]} Nxd3 {[%clk
00:19:32]} {[%emt 00:01:02]} 22. cxd3 {[%clk 00:05:29]} {[%emt 00:00:20]} Qd7
{[%clk 00:18:00]} {[%emt 00:02:01]} 23. Rf1 {[%clk 00:02:03]} {[%emt 00:03:57]}
Rb8 {[%clk 00:09:33]} {[%emt 00:08:55]} 24. Qa5 {[%clk 00:01:14]} {[%emt
00:01:20]} Bg2 {[%clk 00:06:20]} {[%emt 00:03:43]} 25. Rf2 {[%clk 00:01:20]}
{[%emt 00:00:24]} Bxh3 {[%clk 00:06:09]} {[%emt 00:00:41]} 26. f6 {[%clk
00:00:58]} {[%emt 00:00:53]} exf6 {[%clk 00:05:38]} {[%emt 00:01:01]} 27. gxf6
{[%clk 00:01:24]} {[%emt 00:00:04]} Bh8 {[%clk 00:06:03]} {[%emt 00:00:05]} 28.
Rh1 {[%clk 00:01:17]} {[%emt 00:00:36]} Bg4 {[%clk 00:05:47]} {[%emt 00:00:45]}
29. Qg5 {[%clk 00:01:05]} {[%emt 00:00:43]} Rfe8 {[%clk 00:04:05]} {[%emt
00:02:13]} 30. Rg1 {[%clk 00:00:45]} {[%emt 00:00:49]} Re5 {[%clk 00:03:39]}
{[%emt 00:00:55]} 31. Qf4 {[%clk 00:00:53]} {[%emt 00:00:23]} Rbe8 {[%clk
00:03:17]} {[%emt 00:00:52]} 32. Bd2 {[%clk 00:01:09]} {[%emt 00:00:14]} Rb8
{[%clk 00:02:32]} {[%emt 00:01:14]} 33. Bc3 {[%clk 00:01:06]} {[%emt 00:00:34]}
Rc5 {[%clk 00:02:15]} {[%emt 00:00:47]} 34. Ka1 {[%clk 00:01:08]} {[%emt
00:00:28]} Qc7 {[%clk 00:01:51]} {[%emt 00:00:53]} 35. Bb4 {[%clk 00:01:03]}
{[%emt 00:00:35]} Rd5 {[%clk 00:01:48]} {[%emt 00:00:30]} 36. Qe4 {[%clk
00:01:11]} {[%emt 00:00:25]} Re5 {[%clk 00:01:47]} {[%emt 00:00:30]} 37. Qg2
{[%clk 00:01:11]} {[%emt 00:00:30]} Rc8 {[%clk 00:01:53]} {[%emt 00:00:25]} 38.
Rc2 {[%clk 00:01:16]} {[%emt 00:00:26]} Qd7 {[%clk 00:01:45]} {[%emt 00:00:36]}
39. Rxc8+ {[%clk 00:01:43]} {[%emt 00:00:04]} Qxc8 {[%clk 00:02:08]} {[%emt
00:00:07]} 40. Nc6 {[%clk 00:02:02]} {[%emt 00:00:11]} Re8 {[%clk 00:00:44]}
{[%emt 00:01:54]} 41. Ne7+ {[%clk 00:02:29]} {[%emt 00:00:04]} Rxe7 {[%clk
00:29:30]} {[%emt 00:01:44]} 42. fxe7 {[%clk 00:31:25]} {[%emt 00:01:34]} Be5
{[%clk 00:17:17]} {[%emt 00:12:41]} 43. Re1 {[%clk 00:30:07]} {[%emt 00:01:49]}
Be6 {[%clk 00:16:10]} {[%emt 00:01:37]} 44. Qd2 {[%clk 00:27:01]} {[%emt
00:03:38]} Bf6 {[%clk 00:10:46]} {[%emt 00:05:53]} 45. Bxd6 {[%clk 00:24:22]}
{[%emt 00:03:10]} Qd7 {[%clk 00:05:31]} {[%emt 00:05:42]} 46. Qb4 {[%clk
00:23:45]} {[%emt 00:01:09]} Kh7 {[%clk 00:04:49]} {[%emt 00:01:11]} 47. d4
{[%clk 00:19:22]} {[%emt 00:04:55]} a5 {[%clk 00:01:49]} {[%emt 00:03:30]} 48.
Qc5 {[%clk 00:17:47]} {[%emt 00:02:05]} Qb7 {[%clk 00:00:35]} {[%emt 00:01:45]}
49. e8=Q {[%clk 00:13:28]} {[%emt 00:04:48]} Qb3 {[%clk 00:00:45]} {[%emt
00:00:20]} 50. Rxe6 {[%clk 00:13:20]} {[%emt 00:00:38]} Qd1+ {[%clk 00:00:47]}
{[%emt 00:00:28]} 51. Ka2 {[%clk 00:13:45]} {[%emt 00:00:05]} Bxd4 {[%clk
00:00:34]} {[%emt 00:00:43]} 52. Qxf7+ {[%clk 00:14:00]} {[%emt 00:00:15]} Bg7
{[%clk 00:00:57]} {[%emt 00:00:08]} 53. Qxg6+ {[%clk 00:14:23]} {[%emt
00:00:06]} 1-0

[Event "DEM U12w 2024"]
[Site "Willingen GER"]
[Date "2024.05.25"]
[Round "9"]
[White "Kovalskyy, Alicia"]
[Black "Busch, Lara Sophie"]
[Result "1/2-1/2"]
[Termination "normal"]
[Board "2"]
[WhiteElo "1825"]
[BlackElo "1585"]
[WhiteClock "00:05:03"]
[BlackClock "00:25:27"]
[PlyCount "68"]
[WhiteFideId "34612130"]
[BlackFideId "34664866"]
[EventCountry "GER"]
[EventRounds "9"]
[EventType "swiss"]
[EventDate "2024.05.18"]

1. e4 {[%clk 01:30:58]} {[%emt 00:00:01]} e5 {[%clk 01:30:55]} {[%emt
00:00:05]} 2. Nf3 {[%clk 01:31:25]} {[%emt 00:00:03]} Nc6 {[%clk 01:31:19]}
{[%emt 00:00:05]} 3. Bc4 {[%clk 01:31:52]} {[%emt 00:00:04]} Nf6 {[%clk
01:31:41]} {[%emt 00:00:08]} 4. d3 {[%clk 01:32:17]} {[%emt 00:00:05]} h6
{[%clk 01:32:01]} {[%emt 00:00:10]} 5. O-O {[%clk 01:31:46]} {[%emt 00:01:01]}
d6 {[%clk 01:32:20]} {[%emt 00:00:11]} 6. c3 {[%clk 01:32:02]} {[%emt
00:00:14]} g5 {[%clk 01:32:42]} {[%emt 00:00:07]} 7. Re1 {[%clk 01:23:33]}
{[%emt 00:08:59]} Bg7 {[%clk 01:31:45]} {[%emt 00:01:27]} 8. b4 {[%clk
01:17:22]} {[%emt 00:06:42]} Be6 {[%clk 01:29:42]} {[%emt 00:02:33]} 9. Bb5
{[%clk 01:17:20]} {[%emt 00:00:33]} O-O {[%clk 01:29:25]} {[%emt 00:00:46]} 10.
Na3 {[%clk 01:13:57]} {[%emt 00:03:53]} Ne7 {[%clk 01:28:07]} {[%emt 00:01:49]}
11. d4 {[%clk 01:13:12]} {[%emt 00:01:15]} Ng6 {[%clk 01:26:08]} {[%emt
00:02:28]} 12. d5 {[%clk 01:03:41]} {[%emt 00:10:02]} Bg4 {[%clk 01:17:48]}
{[%emt 00:08:47]} 13. h3 {[%clk 00:58:56]} {[%emt 00:05:18]} Bc8 {[%clk
01:09:12]} {[%emt 00:08:44]} 14. Bf1 {[%clk 00:57:32]} {[%emt 00:02:15]} Nf4
{[%clk 01:04:20]} {[%emt 00:05:23]} 15. Bxf4 {[%clk 00:57:08]} {[%emt
00:00:54]} exf4 {[%clk 01:02:23]} {[%emt 00:02:26]} 16. Nd4 {[%clk 00:50:16]}
{[%emt 00:07:21]} Re8 {[%emt 00:05:50]} 17. Qf3 {[%clk 00:42:14]} {[%emt
00:08:15]} Bd7 {[%clk 00:51:30]} {[%emt 00:06:19]} 18. g3 {[%clk 00:39:34]}
{[%emt 00:03:12]} fxg3 {[%clk 00:50:43]} {[%emt 00:01:17]} 19. fxg3 {[%clk
00:39:34]} {[%emt 00:00:30]} h5 {[%clk 00:48:47]} {[%emt 00:02:27]} 20. Nf5
{[%clk 00:37:09]} {[%emt 00:02:55]} Bxf5 {[%clk 00:46:54]} {[%emt 00:02:22]}
21. Qxf5 {[%clk 00:34:23]} {[%emt 00:03:16]} Re5 {[%clk 00:42:02]} {[%emt
00:05:20]} 22. Qf3 {[%clk 00:32:48]} {[%emt 00:02:05]} Qe7 {[%clk 00:40:24]}
{[%emt 00:01:58]} 23. Bg2 {[%clk 00:20:10]} {[%emt 00:13:20]} Nxd5 {[%clk
00:36:18]} {[%emt 00:04:36]} 24. Qxh5 {[%clk 00:17:05]} {[%emt 00:03:34]} Nxc3
{[%clk 00:34:39]} {[%emt 00:02:10]} 25. Nc4 {[%clk 00:16:31]} {[%emt 00:01:04]}
Re6 {[%clk 00:34:25]} {[%emt 00:00:43]} 26. Ne3 {[%clk 00:10:09]} {[%emt
00:06:52]} Bd4 {[%clk 00:33:04]} {[%emt 00:01:50]} 27. Kh2 {[%clk 00:09:45]}
{[%emt 00:00:56]} Bxe3 {[%clk 00:31:30]} {[%emt 00:02:04]} 28. Rxe3 {[%clk
00:10:08]} {[%emt 00:00:07]} Nxe4 {[%clk 00:31:07]} {[%emt 00:00:53]} 29. Bxe4
{[%clk 00:08:31]} {[%emt 00:02:08]} Rxe4 {[%clk 00:31:23]} {[%emt 00:00:13]}
30. Rxe4 {[%clk 00:08:57]} {[%emt 00:00:04]} Qxe4 {[%clk 00:31:38]} {[%emt
00:00:14]} 31. Qxg5+ {[%clk 00:09:25]} {[%emt 00:00:03]} Kf8 {[%clk 00:29:07]}
{[%emt 00:03:01]} 32. Qh6+ {[%clk 00:09:07]} {[%emt 00:00:48]} Ke7 {[%clk
00:29:06]} {[%emt 00:00:31]} 33. Qg5+ {[%clk 00:08:54]} {[%emt 00:00:43]} Kd7
{[%clk 00:27:20]} {[%emt 00:02:12]} 34. Qb5+ {[%clk 00:05:03]} {[%emt
00:04:25]} Ke7 {[%clk 00:25:27]} 1/2-1/2

[Event "DEM U12w 2024"]
[Site "Willingen GER"]
[Date "2024.05.25"]
[Round "9"]
[White "Schirmbeck, Lilian"]
[Black "Chen, Yueyi"]
[Result "1-0"]
[Termination "normal"]
[Board "3"]
[WhiteTitle "WCM"]
[WhiteElo "1790"]
[BlackElo "1795"]
[WhiteClock "00:31:01"]
[BlackClock "00:46:46"]
[PlyCount "127"]
[WhiteFideId "34620532"]
[BlackFideId "34653902"]
[EventCountry "GER"]
[EventRounds "9"]
[EventType "swiss"]
[EventDate "2024.05.18"]

1. d4 {[%clk 01:30:58]} {[%emt 00:00:01]} d5 {[%clk 01:30:56]} {[%emt
00:00:04]} 2. Nf3 {[%clk 01:31:22]} {[%emt 00:00:07]} Nf6 {[%clk 01:31:20]}
{[%emt 00:00:05]} 3. g3 {[%clk 01:31:42]} {[%emt 00:00:10]} Bf5 {[%clk
01:30:20]} {[%emt 00:01:30]} 4. Bg2 {[%clk 01:31:30]} {[%emt 00:00:43]} h6
{[%clk 01:28:57]} {[%emt 00:01:51]} 5. O-O {[%clk 01:31:23]} {[%emt 00:00:37]}
e6 {[%clk 01:29:01]} {[%emt 00:00:26]} 6. c4 {[%clk 01:30:37]} {[%emt
00:01:16]} c6 {[%clk 01:27:08]} {[%emt 00:02:23]} 7. Nc3 {[%clk 01:18:15]}
{[%emt 00:12:52]} Nbd7 {[%clk 01:22:53]} {[%emt 00:04:44]} 8. Qb3 {[%clk
01:07:21]} {[%emt 00:11:24]} Qb6 {[%clk 01:19:35]} {[%emt 00:03:48]} 9. c5
{[%clk 01:06:24]} {[%emt 00:01:28]} Qxb3 {[%clk 01:18:45]} {[%emt 00:01:20]}
10. axb3 {[%clk 01:06:48]} {[%emt 00:00:06]} e5 {[%clk 01:15:23]} {[%emt
00:03:52]} 11. b4 {[%clk 00:47:38]} {[%emt 00:19:41]} e4 {[%emt 00:07:33]} 12.
Ne1 {[%clk 00:46:06]} {[%emt 00:00:08]} g5 {[%clk 01:07:58]} {[%emt 00:02:44]}
13. b5 {[%clk 00:42:47]} {[%emt 00:03:50]} Bg7 {[%clk 00:48:10]} {[%emt
00:20:18]} 14. Nc2 {[%clk 00:33:08]} {[%emt 00:10:10]} O-O {[%clk 00:46:18]}
{[%emt 00:02:20]} 15. e3 {[%clk 00:29:52]} {[%emt 00:03:48]} Bg6 {[%clk
00:43:55]} {[%emt 00:02:52]} 16. b4 {[%clk 00:28:46]} {[%emt 00:01:36]} Nh7
{[%clk 00:42:04]} {[%emt 00:02:20]} 17. Bd2 {[%clk 00:27:45]} {[%emt 00:01:31]}
a6 {[%clk 00:37:30]} {[%emt 00:05:04]} 18. bxc6 {[%clk 00:26:57]} {[%emt
00:01:18]} bxc6 {[%clk 00:37:40]} {[%emt 00:00:20]} 19. Ra5 {[%emt 00:03:54]}
f5 {[%clk 00:35:05]} 20. Rfa1 {[%clk 00:25:34]} {[%emt 00:01:33]} f4 {[%clk
00:33:57]} {[%emt 00:01:38]} 21. Rxa6 {[%clk 00:25:21]} {[%emt 00:00:44]} Rxa6
{[%clk 00:32:58]} {[%emt 00:01:29]} 22. Rxa6 {[%clk 00:25:06]} {[%emt
00:00:45]} Nb8 {[%clk 00:32:58]} {[%emt 00:00:29]} 23. Rb6 {[%clk 00:21:27]}
{[%emt 00:04:05]} Nf6 {[%clk 00:32:00]} {[%emt 00:01:32]} 24. gxf4 {[%clk
00:19:25]} {[%emt 00:02:33]} gxf4 {[%clk 00:32:19]} {[%emt 00:00:11]} 25. Be1
{[%clk 00:18:36]} {[%emt 00:01:19]} f3 {[%clk 00:32:09]} {[%emt 00:00:40]} 26.
Bh3 {[%clk 00:17:40]} {[%emt 00:01:21]} Kh7 {[%clk 00:31:02]} {[%emt 00:01:42]}
27. b5 {[%clk 00:17:01]} {[%emt 00:01:10]} Nfd7 {[%clk 00:26:23]} {[%emt
00:05:07]} 28. Bxd7 {[%clk 00:17:00]} {[%emt 00:00:31]} Nxd7 {[%clk 00:26:38]}
{[%emt 00:00:15]} 29. Rxc6 {[%clk 00:17:24]} {[%emt 00:00:07]} Bf5 {[%clk
00:25:57]} {[%emt 00:01:11]} 30. Nxd5 {[%clk 00:16:38]} {[%emt 00:01:16]} Bf6
{[%clk 00:24:08]} {[%emt 00:02:18]} 31. Ra6 {[%clk 00:11:33]} {[%emt 00:05:36]}
Rg8+ {[%clk 00:21:52]} {[%emt 00:02:45]} 32. Kh1 {[%clk 00:11:55]} {[%emt
00:00:08]} Bg5 {[%clk 00:20:43]} {[%emt 00:01:39]} 33. Nf4 {[%clk 00:11:20]}
{[%emt 00:01:06]} Nf6 {[%clk 00:19:53]} {[%emt 00:01:19]} 34. Ra7+ {[%clk
00:07:33]} {[%emt 00:04:18]} Kh8 {[%clk 00:19:59]} {[%emt 00:00:23]} 35. h4
{[%clk 00:03:32]} {[%emt 00:04:31]} Bxf4 {[%clk 00:19:13]} {[%emt 00:01:16]}
36. exf4 {[%clk 00:03:39]} {[%emt 00:00:24]} Nd5 {[%clk 00:17:45]} {[%emt
00:01:57]} 37. Bd2 {[%clk 00:03:30]} {[%emt 00:00:39]} Rg2 {[%clk 00:16:57]}
{[%emt 00:01:18]} 38. Be1 {[%clk 00:02:48]} {[%emt 00:01:12]} e3 {[%clk
00:15:48]} {[%emt 00:01:39]} 39. Nxe3 {[%clk 00:03:01]} {[%emt 00:00:17]} Nxe3
{[%clk 00:16:03]} {[%emt 00:00:15]} 40. fxe3 {[%clk 00:03:27]} {[%emt
00:00:05]} Be4 {[%clk 00:15:30]} {[%emt 00:01:03]} 41. Re7 {[%clk 00:03:28]}
{[%emt 00:00:28]} Re2 {[%clk 00:15:21]} {[%emt 00:00:39]} 42. Bf2 {[%clk
00:27:02]} {[%emt 00:06:56]} Bf5 {[%clk 00:41:18]} {[%emt 00:04:34]} 43. Kg1
{[%clk 00:25:49]} {[%emt 00:01:41]} Rd2 {[%clk 00:39:30]} {[%emt 00:02:18]} 44.
b6 {[%clk 00:24:28]} {[%emt 00:01:52]} Bh3 {[%clk 00:38:53]} {[%emt 00:01:07]}
45. b7 {[%clk 00:24:36]} {[%emt 00:00:23]} Rb2 {[%clk 00:39:04]} {[%emt
00:00:19]} 46. Re8+ {[%clk 00:24:59]} {[%emt 00:00:07]} Kg7 {[%clk 00:39:29]}
{[%emt 00:00:04]} 47. b8=Q {[%clk 00:25:24]} {[%emt 00:00:06]} Rxb8 {[%clk
00:39:54]} {[%emt 00:00:05]} 48. Rxb8 {[%clk 00:25:41]} {[%emt 00:00:12]} Kg6
{[%clk 00:40:18]} {[%emt 00:00:06]} 49. c6 {[%clk 00:26:01]} {[%emt 00:00:10]}
Kf6 {[%clk 00:40:44]} {[%emt 00:00:03]} 50. c7 {[%clk 00:26:26]} {[%emt
00:00:06]} Kg6 {[%clk 00:41:10]} {[%emt 00:00:04]} 51. c8=Q {[%clk 00:26:50]}
{[%emt 00:00:07]} Bxc8 {[%clk 00:41:36]} {[%emt 00:00:03]} 52. Rxc8 {[%clk
00:27:12]} {[%emt 00:00:09]} Kf5 {[%clk 00:42:02]} {[%emt 00:00:04]} 53. Kh2
{[%clk 00:27:32]} {[%emt 00:00:10]} Kg4 {[%clk 00:42:27]} {[%emt 00:00:05]} 54.
d5 {[%clk 00:27:46]} {[%emt 00:00:16]} Kf5 {[%clk 00:42:53]} {[%emt 00:00:04]}
55. d6 {[%clk 00:28:09]} {[%emt 00:00:08]} Ke6 {[%clk 00:43:20]} {[%emt
00:00:03]} 56. Rc6 {[%clk 00:28:33]} {[%emt 00:00:06]} Kd7 {[%clk 00:43:46]}
{[%emt 00:00:04]} 57. Ra6 {[%clk 00:28:59]} {[%emt 00:00:04]} h5 {[%clk
00:44:12]} {[%emt 00:00:03]} 58. f5 {[%clk 00:29:24]} {[%emt 00:00:06]} Ke8
{[%clk 00:44:39]} {[%emt 00:00:03]} 59. f6 {[%clk 00:29:47]} {[%emt 00:00:07]}
Kf8 {[%clk 00:45:05]} {[%emt 00:00:04]} 60. d7 {[%clk 00:30:11]} {[%emt
00:00:06]} Kf7 {[%clk 00:45:32]} {[%emt 00:00:03]} 61. d8=Q {[%clk 00:29:58]}
{[%emt 00:00:43]} Kg6 {[%clk 00:45:53]} {[%emt 00:00:09]} 62. Qe7 {[%clk
00:30:13]} {[%emt 00:00:13]} Kf5 {[%clk 00:46:19]} {[%emt 00:00:05]} 63. Ra5+
{[%clk 00:30:38]} {[%emt 00:00:06]} Kg4 {[%clk 00:46:46]} {[%emt 00:00:03]} 64.
Qe4# {[%clk 00:31:01]} {[%emt 00:00:05]} 1-0

[Event "DEM U12w 2024"]
[Site "Willingen GER"]
[Date "2024.05.25"]
[Round "9"]
[White "Komar, Valerie"]
[Black "Wang, Enya Marie"]
[Result "1-0"]
[Termination "normal"]
[Board "4"]
[WhiteElo "1769"]
[BlackElo "1614"]
[WhiteClock "01:03:55"]
[BlackClock "00:28:48"]
[PlyCount "127"]
[WhiteFideId "34139664"]
[BlackFideId "34660330"]
[EventCountry "GER"]
[EventRounds "9"]
[EventType "swiss"]
[EventDate "2024.05.18"]

1. e4 {[%clk 01:30:56]} {[%emt 00:00:02]} e5 {[%clk 01:30:56]} {[%emt
00:00:05]} 2. Nf3 {[%clk 01:31:24]} {[%emt 00:00:03]} Nc6 {[%clk 01:31:21]}
{[%emt 00:00:05]} 3. Bb5 {[%clk 01:31:50]} {[%emt 00:00:03]} a6 {[%clk
01:31:43]} {[%emt 00:00:08]} 4. Ba4 {[%clk 01:32:17]} {[%emt 00:00:03]} Nf6
{[%clk 01:32:08]} {[%emt 00:00:05]} 5. Qe2 {[%clk 01:32:43]} {[%emt 00:00:04]}
b5 {[%clk 01:32:01]} {[%emt 00:00:37]} 6. Bb3 {[%clk 01:33:09]} {[%emt
00:00:04]} Bc5 {[%clk 01:32:09]} {[%emt 00:00:22]} 7. O-O {[%clk 01:33:23]}
{[%emt 00:00:16]} O-O {[%clk 01:32:23]} {[%emt 00:00:16]} 8. c3 {[%clk
01:33:50]} {[%emt 00:00:03]} d5 {[%clk 01:31:22]} {[%emt 00:01:31]} 9. exd5
{[%clk 01:16:34]} {[%emt 00:17:47]} e4 {[%clk 01:31:10]} {[%emt 00:00:42]} 10.
Ng5 {[%clk 00:58:25]} {[%emt 00:18:39]} Bg4 {[%clk 01:28:50]} {[%emt 00:02:50]}
11. Qe1 {[%clk 00:56:38]} {[%emt 00:02:16]} Nxd5 {[%clk 01:16:13]} {[%emt
00:13:08]} 12. Qxe4 {[%clk 00:52:37]} {[%emt 00:04:31]} Qxg5 {[%clk 01:11:21]}
{[%emt 00:05:22]} 13. d4 {[%clk 00:51:42]} {[%emt 00:01:25]} Qh5 {[%clk
00:39:24]} {[%emt 00:32:27]} 14. Qxd5 {[%clk 00:50:15]} {[%emt 00:01:58]} Bd6
{[%clk 00:37:22]} {[%emt 00:02:32]} 15. Qxh5 {[%clk 00:50:32]} {[%emt
00:00:13]} Bxh5 {[%clk 00:37:47]} {[%emt 00:00:05]} 16. Bd5 {[%clk 00:50:58]}
{[%emt 00:00:03]} Be2 {[%clk 00:37:08]} {[%emt 00:01:09]} 17. Re1 {[%clk
00:51:18]} {[%emt 00:00:08]} Rae8 {[%clk 00:30:54]} {[%emt 00:06:46]} 18. Bxc6
{[%clk 00:51:33]} {[%emt 00:00:15]} Re6 {[%clk 00:31:16]} {[%emt 00:00:07]} 19.
Bd5 {[%clk 00:51:39]} {[%emt 00:00:24]} Ree8 {[%clk 00:29:39]} {[%emt
00:02:07]} 20. Be3 {[%clk 00:51:15]} {[%emt 00:00:53]} Bd3 {[%clk 00:29:44]}
{[%emt 00:00:26]} 21. Nd2 {[%clk 00:51:34]} {[%emt 00:00:09]} Kh8 {[%clk
00:29:02]} {[%emt 00:01:13]} 22. Nf3 {[%clk 00:51:30]} {[%emt 00:00:35]} b4
{[%clk 00:28:05]} {[%emt 00:01:27]} 23. Ng5 {[%clk 00:51:27]} {[%emt 00:00:30]}
Re7 {[%clk 00:26:53]} {[%emt 00:01:44]} 24. Bd2 {[%clk 00:50:41]} {[%emt
00:01:16]} bxc3 {[%clk 00:26:15]} {[%emt 00:01:09]} 25. Bxc3 {[%clk 00:50:36]}
{[%emt 00:00:34]} Rd7 {[%clk 00:26:22]} {[%emt 00:00:24]} 26. Re3 {[%clk
00:50:31]} {[%emt 00:00:32]} Bxh2+ {[%clk 00:24:44]} {[%emt 00:02:11]} 27. Kxh2
{[%clk 00:50:39]} {[%emt 00:00:22]} Rxd5 {[%clk 00:25:08]} {[%emt 00:00:06]}
28. Nxf7+ {[%clk 00:50:51]} {[%emt 00:00:18]} Kg8 {[%clk 00:24:54]} {[%emt
00:00:44]} 29. Rxd3 {[%clk 00:50:55]} {[%emt 00:00:26]} Rxf7 {[%clk 00:25:18]}
{[%emt 00:00:06]} 30. f3 {[%clk 00:50:37]} {[%emt 00:00:47]} c5 {[%clk
00:23:26]} {[%emt 00:02:23]} 31. Rad1 {[%clk 00:50:55]} {[%emt 00:00:12]} Rfd7
{[%clk 00:23:52]} {[%emt 00:00:05]} 32. Kg3 {[%clk 00:51:03]} {[%emt 00:00:21]}
cxd4 {[%clk 00:24:03]} {[%emt 00:00:19]} 33. Rxd4 {[%clk 00:51:28]} {[%emt
00:00:05]} Rg5+ {[%clk 00:23:39]} {[%emt 00:00:51]} 34. Kf2 {[%clk 00:51:52]}
{[%emt 00:00:08]} Rxd4 {[%clk 00:23:47]} {[%emt 00:00:23]} 35. Rxd4 {[%clk
00:52:18]} {[%emt 00:00:04]} Rg6 {[%clk 00:24:04]} {[%emt 00:00:13]} 36. Rd8+
{[%clk 00:52:41]} {[%emt 00:00:06]} Kf7 {[%clk 00:24:12]} {[%emt 00:00:22]} 37.
Rd7+ {[%clk 00:53:07]} {[%emt 00:00:04]} Kf8 {[%clk 00:24:10]} {[%emt
00:00:32]} 38. Bb4+ {[%clk 00:53:12]} {[%emt 00:00:25]} Ke8 {[%clk 00:24:24]}
{[%emt 00:00:16]} 39. Rd6 {[%clk 00:53:33]} {[%emt 00:00:07]} Rxd6 {[%clk
00:24:19]} {[%emt 00:00:38]} 40. Bxd6 {[%clk 00:53:52]} {[%emt 00:00:11]} Kd7
{[%clk 00:24:40]} {[%emt 00:00:08]} 41. Be5 {[%clk 00:54:18]} {[%emt 00:00:04]}
g6 {[%clk 00:25:05]} {[%emt 00:00:05]} 42. Ke3 {[%clk 00:54:45]} {[%emt
00:00:03]} Ke6 {[%clk 00:24:56]} {[%emt 00:00:39]} 43. Ke4 {[%clk 00:55:13]}
{[%emt 00:00:03]} Kd7 {[%clk 00:25:00]} {[%emt 00:00:25]} 44. Kd5 {[%clk
00:55:37]} {[%emt 00:00:05]} Kd8 {[%clk 00:24:43]} {[%emt 00:00:47]} 45. Ke6
{[%clk 00:56:00]} {[%emt 00:00:08]} Ke8 {[%clk 00:24:40]} {[%emt 00:00:34]} 46.
Kf6 {[%clk 00:56:26]} {[%emt 00:00:04]} Kf8 {[%clk 00:24:55]} {[%emt 00:00:14]}
47. Kg5 {[%clk 00:56:53]} {[%emt 00:00:03]} Kf7 {[%clk 00:24:47]} {[%emt
00:00:39]} 48. Kh6 {[%clk 00:57:20]} {[%emt 00:00:03]} Kg8 {[%clk 00:24:58]}
{[%emt 00:00:19]} 49. Bg7 {[%clk 00:57:47]} {[%emt 00:00:03]} Kf7 {[%clk
00:25:20]} {[%emt 00:00:08]} 50. Kxh7 {[%clk 00:58:12]} {[%emt 00:00:03]} g5
{[%clk 00:25:43]} {[%emt 00:00:08]} 51. Kh6 {[%clk 00:58:27]} {[%emt 00:00:15]}
Kg8 {[%clk 00:26:02]} {[%emt 00:00:12]} 52. Bd4 {[%clk 00:58:48]} {[%emt
00:00:07]} a5 {[%clk 00:26:21]} {[%emt 00:00:13]} 53. Kxg5 {[%clk 00:59:14]}
{[%emt 00:00:04]} Kh7 {[%clk 00:26:45]} {[%emt 00:00:06]} 54. g4 {[%clk
00:59:42]} {[%emt 00:00:03]} a4 {[%clk 00:26:51]} {[%emt 00:00:24]} 55. a3
{[%clk 01:00:09]} {[%emt 00:00:03]} Kg8 {[%clk 00:27:04]} {[%emt 00:00:16]} 56.
Kg6 {[%clk 01:00:34]} {[%emt 00:00:05]} Kf8 {[%clk 00:27:19]} {[%emt 00:00:15]}
57. f4 {[%clk 01:01:01]} {[%emt 00:00:04]} Kg8 {[%clk 00:27:07]} {[%emt
00:00:41]} 58. f5 {[%clk 01:01:29]} {[%emt 00:00:03]} Kf8 {[%clk 00:27:17]}
{[%emt 00:00:20]} 59. Bg7+ {[%clk 01:01:55]} {[%emt 00:00:04]} Kg8 {[%clk
00:27:36]} {[%emt 00:00:11]} 60. Bh6 {[%clk 01:02:21]} {[%emt 00:00:03]} Kh8
{[%clk 00:28:00]} {[%emt 00:00:06]} 61. f6 {[%clk 01:02:47]} {[%emt 00:00:05]}
Kg8 {[%clk 00:28:08]} {[%emt 00:00:12]} 62. g5 {[%clk 01:02:58]} {[%emt
00:00:28]} Kh8 {[%clk 00:28:29]} {[%emt 00:00:08]} 63. Bg7+ {[%clk 01:03:26]}
{[%emt 00:00:02]} Kg8 {[%clk 00:28:48]} {[%emt 00:00:11]} 64. f7# {[%clk
01:03:55]} {[%emt 00:00:01]} 1-0